Normal view
MARC view
- Javaid, Hiba Noreen (400119)
Entry Personal Name
001 - CONTROL NUMBER
- control field: 132367
003 - CONTROL NUMBER IDENTIFIER
- control field: NUST
005 - DATE AND TIME OF LATEST TRANSACTION
- control field: 20251217115410.0
008 - FIXED-LENGTH DATA ELEMENTS
- fixed length control field: 251217|| aca||aabn | a|a d
040 ## - CATALOGING SOURCE
- Original cataloging agency: NUST
- Transcribing agency: NUST
100 ## - HEADING--PERSONAL NAME
- Personal name: Javaid, Hiba Noreen (400119)
670 ## - SOURCE DATA FOUND
- Source citation: Work cat.: (NUST): Javaid, Hiba Noreen (400119), Photocatalytic Hydrogen Production using Manganese doped Ceria as a Photocatalyst /
